Science en 4 saisons : Hiver (notice n° 2196764)
[ vue normale ]
| 000 -LEADER | |
|---|---|
| fixed length control field | 01322cam a2200133 4500500 |
| 005 - DATE AND TIME OF LATEST TRANSACTION | |
| control field | 20260405065540.0 |
| 041 ## - LANGUAGE CODE | |
| Language code of text/sound track or separate title | fre |
| 042 ## - AUTHENTICATION CODE | |
| Authentication code | dc |
| 100 10 - MAIN ENTRY--PERSONAL NAME | |
| Personal name | Guitton, Antoine |
| Relator term | author |
| 245 00 - TITLE STATEMENT | |
| Title | Science en 4 saisons : Hiver |
| 260 ## - PUBLICATION, DISTRIBUTION, ETC. | |
| Name of publisher, distributor, etc. | EDP Sciences,<br/> |
| Date of publication, distribution, etc. | 2023.<br/> |
| 520 ## - SUMMARY, ETC. | |
| Summary, etc. | Chocolat noir ou chocolat au lait : lequel des deux est le plus fragile ? Comment savoir si une poêle est assez chaude pour faire cuire des crêpes ? Pourquoi le liège est-il utilisé pour les bouchons de bouteilles de champagne ? Pourquoi est-il conseillé de changer ses pneus en hiver ? Comment aider le père Noël à mieux glisser dans la cheminée ? Quelle est la longueur maximale qu’un teckel peut avoir sans que son ventre touche le sol ? Avez-vous des questions qui vous empêchent de dormir la nuit ? La série « Science en 4 saisons » est faite pour vous ! Venez découvrir les réponses, même aux questions les plus loufoques, que suscitent vos préoccupations quotidiennes. Cette série vous offre une exploration passionnante des sciences, présentée de manière accessible et divertissante, pour nourrir votre curiosité et vous éclairer sur le monde qui vous entoure. Garanti sans équation ! |
| 856 41 - ELECTRONIC LOCATION AND ACCESS | |
| Uniform Resource Identifier | <a href="https://stm.cairn.info/science-en-4-saisons--9782759831845?lang=fr&redirect-ssocas=7080">https://stm.cairn.info/science-en-4-saisons--9782759831845?lang=fr&redirect-ssocas=7080</a> |
Pas d'exemplaire disponible.




Réseaux sociaux